Full 2023 NFL Draft - Statistics

General Stats
  • This quiz has been taken 67 times
    38 since last reset
  • The average score is 59 of 259
Answer Stats
Round Pick Team Position College Player % Correct
1 1 Carolina Panthers QB Alabama Bryce Young
100%
1 2 Houston Texans QB Ohio State C.J. Stroud
100%
1 4 Indianapolis Colts QB Florida Anthony Richardson
93%
1 3 Houston Texans LB Alabama Will Anderson Jr.
80%
1 8 Atlanta Falcons RB Texas Bijan Robinson
73%
1 25 Buffalo Bills TE Utah Dalton Kincaid
73%
1 5 Seattle Seahawks CB Illinois Devon Witherspoon
73%
1 12 Detroit Lions RB Alabama Jahmyr Gibbs
73%
1 9 Philadelphia Eagles DT Georgia Jalen Carter
73%
1 20 Seattle Seahawks WR Ohio State Jaxon Smith-Njigba
73%
1 23 Minnesota Vikings WR USC Jordan Addison
73%
1 22 Baltimore Ravens WR Boston College Zay Flowers
73%
1 6 Arizona Cardinals OT Ohio State Paris Johnson Jr.
67%
1 21 Los Angeles Chargers WR TCU Quentin Johnston
67%
2 33 Tennessee Titans QB Kentucky Will Levis
67%
2 45 Detroit Lions S Alabama Brian Branch
60%
1 17 New England Patriots CB Oregon Christian Gonzalez
60%
1 24 New York Giants CB Maryland Deonte Banks
60%
1 18 Detroit Lions LB Iowa Jack Campbell
60%
2 32 Pittsburgh Steelers CB Penn State Joey Porter Jr.
60%
1 13 Green Bay Packers DE Iowa Lukas Van Ness
60%
2 55 Kansas City Chiefs WR SMU Rashee Rice
60%
1 14 Pittsburgh Steelers OT Georgia Broderick Jones
53%
1 29 New Orleans Saints DT Clemson Bryan Bresee
53%
1 19 Tampa Bay Buccaneers DT Pittsburgh Calijah Kancey
53%
1 10 Chicago Bears OT Tennessee Darnell Wright
53%
1 16 Washington Commanders CB Mississippi State Emmanuel Forbes
53%
2 50 Green Bay Packers WR Michigan State Jayden Reed
53%
2 39 Carolina Panthers WR Ole Miss Jonathan Mingo
53%
2 42 Green Bay Packers TE Oregon State Luke Musgrave
53%
2 35 Las Vegas Raiders TE Notre Dame Michael Mayer
53%
1 30 Philadelphia Eagles LB Georgia Nolan Smith
53%
1 11 Tennessee Titans OT Northwestern Peter Skoronski
53%
2 34 Detroit Lions TE Iowa Sam LaPorta
53%
1 7 Las Vegas Raiders DE Texas Tech Tyree Wilson
53%
2 52 Seattle Seahawks RB UCLA Zach Charbonnet
53%
5 140 Cleveland Browns QB UCLA Dorian Thompson-Robinson
47%
1 31 Kansas City Chiefs DE Kansas State Felix Anudike-Uzomah
47%
3 68 Detroit Lions QB Tennessee Hendon Hooker
47%
2 58 Dallas Cowboys TE Michigan Luke Schoonmaker
47%
1 26 Dallas Cowboys DT Michigan Mazi Smith
47%
1 28 Cincinnati Bengals DE Clemson Myles Murphy
47%
3 69 Houston Texans WR Houston Tank Dell
47%
1 15 New York Jets DE Iowa State Will McDonald IV
47%
1 27 Jacksonville Jaguars OT Oklahoma Anton Harrison
40%
3 84 Miami Dolphins RB Texas A&M De'Von Achane
40%
2 57 New York Giants C Minnesota John Michael Schmitz
40%
3 79 Indianapolis Colts WR North Carolina Josh Downs
40%
2 44 Indianapolis Colts CB Kansas State Julius Brents
40%
2 63 Denver Broncos WR Oklahoma Marvin Mims Jr.
40%
3 78 Green Bay Packers TE South Dakota State Tucker Kraft
40%
3 81 Tennessee Titans RB Tulane Tyjae Spears
40%
2 61 Jacksonville Jaguars TE Penn State Brenton Strange
33%
2 51 Miami Dolphins CB South Carolina Cam Smith
33%
2 48 Tampa Bay Buccaneers G North Dakota State Cody Mauch
33%
3 93 Pittsburgh Steelers TE Georgia Darnell Washington
33%
2 60 Cincinnati Bengals CB Michigan D.J. Turner
33%
3 72 Arizona Cardinals CB Syracuse Garrett Williams
33%
3 73 New York Giants WR Tennessee Jalin Hyatt
33%
2 49 Pittsburgh Steelers DT Wisconsin Keeanu Benton
33%
2 38 Atlanta Falcons OT Syracuse Matthew Bergeron
33%
3 88 Jacksonville Jaguars RB Auburn Tank Bigsby
33%
2 56 Chicago Bears CB Miami (FL) Tyrique Stevenson
33%
3 82 Tampa Bay Buccaneers DE Louisville YaYa Diaby
33%
2 41 Arizona Cardinals LB LSU B.J. Ojulari
27%
3 85 Los Angeles Chargers LB Washington State Daiyan Henley
27%
4 111 Cleveland Browns OT Ohio State Dawand Jones
27%
2 37 Seattle Seahawks LB Auburn Derick Hall
27%
5 159 Green Bay Packers WR Virginia Dontayvion Wicks
27%
3 67 Denver Broncos LB Arkansas Drew Sanders
27%
2 53 Chicago Bears DT Florida Gervon Dexter
27%
2 40 New Orleans Saints DE Notre Dame Isaiah Foskey
27%
3 99 San Francisco 49ers K Michigan Jake Moody
27%
2 43 New York Jets C Wisconsin Joe Tippmann
27%
3 95 Cincinnati Bengals S Alabama Jordan Battle
27%
2 62 Houston Texans C Penn State Juice Scruggs
27%
2 46 New England Patriots DE Georgia Tech Keion White
27%
3 71 New Orleans Saints RB TCU Kendre Miller
27%
3 76 New England Patriots LB Sacramento State Marte Mapu
27%
3 94 Arizona Cardinals WR Stanford Michael Wilson
27%
5 177 Los Angeles Rams WR BYU Puka Nacua
27%
4 128 Los Angeles Rams QB Georgia Stetson Bennett
27%
2 36 Los Angeles Rams G TCU Steve Avila
27%
3 66 Philadelphia Eagles S Illinois Sydney Brown
27%
3 86 Baltimore Ravens LB Clemson Trenton Simpson
27%
2 54 Los Angeles Chargers DE USC Tuli Tuipulotu
27%
3 75 Atlanta Falcons DE Ohio State Zach Harrison
27%
4 110 Indianapolis Colts DE Northwestern Adetomiwa Adebawore
20%
4 135 Las Vegas Raiders QB Purdue Aidan O'Connell
20%
4 106 Indianapolis Colts OT BYU Blake Freeland
20%
3 70 Las Vegas Raiders DT Alabama Byron Young
20%
3 77 Los Angeles Rams DE Tennessee Byron Young
20%
3 74 Cleveland Browns WR Tennessee Cedric Tillman
20%
4 112 New England Patriots K Maryland Chad Ryland
20%
4 113 Atlanta Falcons CB Utah Clark Phillips III
20%
5 139 Arizona Cardinals QB Houston Clayton Tune
20%
4 116 Green Bay Packers DT Auburn Colby Wooden
20%
5 138 Indianapolis Colts CB South Carolina Darius Rush
20%
3 90 Dallas Cowboys LB Texas DeMarvion Overshown
20%
3 80 Carolina Panthers LB Oregon D.J. Johnson
20%
5 143 New York Jets RB Pittsburgh Israel Abanikanda
20%
4 127 New Orleans Saints QB Fresno State Jake Haener
20%
5 145 Carolina Panthers S Florida State Jammie Robinson
20%
2 47 Washington Commanders S Illinois Jartavius Martin
20%
4 105 Philadelphia Eagles CB Georgia Kelee Ringo
20%
4 103 New Orleans Saints OT Old Dominion Nick Saldiveri
20%
2 59 Buffalo Bills G Florida O'Cyrus Torrence
20%
3 83 Denver Broncos CB Iowa Riley Moss
20%
4 115 Chicago Bears RB Texas Roschon Johnson
20%
5 149 Green Bay Packers QB Penn State Sean Clifford
20%
3 98 Cleveland Browns DT Baylor Siaki Ika
20%
3 100 Las Vegas Raiders WR Cincinnati Tre Tucker
20%
4 133 Chicago Bears WR Cincinnati Tyler Scott
20%
3 65 Philadelphia Eagles OT Alabama Tyler Steen
20%
7 257 Denver Broncos C Oregon Alex Forsyth
13%
6 207 Green Bay Packers K Auburn Anders Carlson
13%
6 206 Cincinnati Bengals WR Princeton Andrei Iosivas
13%
4 108 Seatle Seahawks G LSU Anthony Bradford
13%
7 242 Green Bay Packers S Iowa State Anthony Johnson Jr.
13%
5 144 New England Patriots G UCLA Atonio Mafi
13%
4 118 Washington Commanders OT Utah Braeden Daniels
13%
3 96 Detroit Lions DT Western Kentucky Brodric Martin
13%
3 101 San Francisco 49ers TE Alabama Cameron Latu
13%
5 142 Cleveland Browns CB Northwestern Cameron Mitchell
13%
4 123 Seattle Seahawks DT Mississippi State Cameron Young
13%
7 232 Green Bay Packers CB Kentucky Carrington Valentine
13%
4 120 New York Jets OT Pittsburgh Carter Warren
13%
4 119 Kansas City Chiefs S Virginia Tech Chamarri Conner
13%
4 114 Carolina Panthers G NC State Chandler Zavala
13%
4 131 Cincinnati Bengals WR Purdue Charlie Jones
13%
5 152 Detroit Lions OT William & Mary Colby Sorsdal
13%
7 224 Atlanta Falcons S Alabama DeMarcco Hellams
13%
6 210 New England Patriots WR Liberty Demario Douglas
13%
4 125 Los Angeles Chargers WR TCU Derius Davis
13%
7 222 Minnesota Vikings RB UAB DeWayne McBride
13%
3 91 Buffalo Bills LB Tulane Dorian Williams
13%
4 109 Houston Texans DE TCU Dylan Horton
13%
5 172 New York Giants RB Oklahoma Eric Gray
13%
7 254 New York Giants S Houston Gervarrius Owens
13%
7 256 Green Bay Packers WR Charlotte Grant DuBose
13%
4 126 Cleveland Browns DE Missouri Isaiah McGuire
13%
4 107 New England Patriots C Troy Jake Andrews
13%
4 104 Las Vegas Raiders CB Maryland Jakorian Bennett
13%
5 141 Minnesota Vikings DT LSU Jaquelin Roy
13%
4 134 Minnesota Vikings S LSU Jay Ward
13%
3 87 San Francisco 49ers S Penn State Ji'Ayir Brown
13%
6 183 Denver Broncos S Boise State J.L. Skinner
13%
4 122 Arizona Cardinals G UCLA Jon Gaines II
13%
5 146 New Orleans Saints S Minnesota Jordan Howden
13%
7 243 New York Giants DT Oregon Jordan Riley
13%
5 147 Tennessee Titans TE Cincinnati Josh Whyle
13%
5 150 Buffalo Bills WR Florida Justin Shorter
13%
6 179 Green Bay Packers DE Bowling Green Karl Brooks
13%
5 137 Washington Commanders DE Clemson K.J. Henry
13%
3 89 Los Angeles Rams DT Wake Forest Kobie Turner
13%
7 235 Green Bay Packers RB Central Michigan Lew Nichols III
13%
3 102 Minnesota Vikings CB USC Mekhi Blackmon
13%
5 151 Seattle Seahawks DE Michigan Mike Morris
13%
4 132 Pittsburgh Steelers LB Wisconsin Nick Herbig
13%
5 148 Chicago Bears LB Oregon Noah Sewell
13%
3 97 Washington Commanders C Arkansas Ricky Stromberg
13%
7 253 San Francisco 49ers WR Michigan Ronnie Bell
13%
4 117 New England Patriots G Eastern Michigan Sidy Sow
13%
5 153 Tampa Bay Buccaneers LB Pittsburgh SirVocea Dennis
13%
4 124 Baltimore Ravens LB Ole Miss Tavius Robinson
13%
6 209 New York Giants CB Old Dominion Tre Hawkins III
13%
6 191 Tampa Bay Buccaneers WR Nebraska Trey Palmer
13%
4 130 Jacksonville Jaguars DE Oklahoma State Tyler Lacy
13%
4 121 Jacksonville Jaguars LB Florida Ventrell Miller
13%
4 129 Dallas Cowboys DE San Jose State Viliami Fehoko
13%
3 92 Kansas City Chiefs OT Oklahoma Wanya Morris
13%
6 205 Houston Texans WR Iowa State Xavier Hutchinson
13%
5 136 Jacksonville Jaguars LB Louisville Yasir Abdullah
13%
3 64 Chicago Bears DT South Carolina Zacch Pickens
13%
7 220 New York Jets TE Old Dominion Zack Kuntz
13%
7 252 Buffalo Bills CB Oregon State Alex Austin
7%
6 203 Las Vegas Raiders LB Florida Amari Burney
7%
6 214 New England Patriots CB Michigan State Ameer Speed
7%
7 233 Washington Commanders LB Louisiana-Lafayette Andre Jones Jr.
7%
7 229 Baltimore Ravens G USC Andrew Vorhees
7%
7 219 Detroit Lions WR North Carolina Antoine Green
7%
5 160 Jacksonville Jaguars S Texas A&M Antonio Johnson
7%
5 169 Dallas Cowboys OT North Carolina Asim Richards
7%
6 195 New Orleans Saints WR Wake Forest A.T. Perry
7%
5 166 Kansas City Chiefs LB Stephen F. Austin B.J. Thompson
7%
6 217 Cincinnati Bengals P Michigan Brad Robbins
7%
7 248 Houston Texans S Pittsburgh Brandon Hill
7%
7 247 San Francisco 49ers TE Oklahoma Brayden Willis
7%
6 192 New England Patriots P Michigan State Bryce Baringer
7%
5 163 Cincinnati Bengals RB Illinois Chase Brown
7%
6 193 Washington Commanders RB Kentucky Chris Rodriguez
7%
6 202 Jacksonville Jaguars CB Rutgers Christian Braswell
7%
5 170 Las Vegas Raiders S Georgia Christopher Smith II
7%
7 228 Tennessee Titans WR UT Martin Colton Dowell
7%
7 226 Jacksonville Jaguars OT Appalachian State Cooper Hodges
7%
7 241 Pittsburgh Steelers CB Purdue Cory Trice
7%
5 158 Indianapolis Colts S California Daniel Scott
7%
6 213 Arizona Cardinals DT West Virginia Dante Stills
7%
5 155 San Francisco 49ers CB South Alabama Darrell Luter Jr.
7%
5 175 Los Angeles Rams TE Clemson Davis Allen
7%
6 216 San Francisco 49ers LB TCU Dee Winters
7%
7 240 Jacksonville Jaguars FB Houston Derek Parish
7%
7 259 Los Angeles Rams DT Toledo Desjuan Johnson
7%
6 212 Dallas Cowboys RB Kansas State Deuce Vaughn
7%
7 246 Cincinnati Bengals CB Miami (FL) D.J. Ivey
7%
6 197 Miami Dolphins WR Stanford Elijah Higgins
7%
6 208 Jacksonville Jaguars S Pittsburgh Erick Hallett
7%
6 178 Dallas Cowboys CB Southern Miss Eric Scott Jr.
7%
7 223 Los Angeles Rams P Wingate Ethan Evans
7%
5 176 Indianapolis Colts RB Northwestern Evan Hull
7%
5 167 Houston Texans LB Alabama Henry To'o To'o
7%
7 245 New England Patriots CB Jackson State Isaiah Bolden
7%
6 186 Tennessee Titans OT Maryland Jaelyn Duncan
7%
7 236 Indianapolis Colts OT North Michigan Jake Witt
7%
7 244 Dallas Cowboys WR South Carolina Jalen Brooks
7%
7 255 San Francisco 49ers LB Purdue Jalen Graham
7%
5 164 Minnesota Vikings QB BYU Jaren Hall
7%
6 201 Houston Texans C Notre Dame Jarrett Patterson
7%
6 204 New York Jets CB LSU Jarrick Bernard-Converse
7%
7 234 Los Angeles Rams S Oklahoma State Jason Taylor II
7%
7 221 Indianapolis Colts CB Texas A&M Jaylon Jones
7%
6 198 Seattle Seahawks S New Mexico Jerrick Reed II
7%
5 156 Los Angeles Chargers G Clemson Jordan McFadden
7%
6 196 Tampa Bay Buccaneers LB Eastern Michigan Jose Ramirez
7%
6 181 Tampa Bay Buccaneers CB Kansas State Josh Hayes
7%
7 225 Atlanta Falcons G South Carolina Jovaughn Gwyn
7%
6 187 New England Patriots WR LSU Kayshon Boutte
7%
6 180 Arizona Cardinals CB Louisville Kei'Trel Clark
7%
7 258 Chicago Bears CB Stanford Kendall Williamson
7%
7 237 Seattle Seahawks RB Georgia Kenny McIntosh
7%
6 194 Kansas City Chiefs DT Texas Keondre Coburn
7%
5 157 Baltimore Ravens CB Stanford Kyu Blu Kelly
7%
6 190 Cleveland Browns C Ohio State Luke Wypler
7%
6 199 Baltimore Ravens OT Oregon Malaesala Aumavae-Laulu
7%
7 239 Los Angeles Chargers QB TCU Max Duggan
7%
7 249 Philadephia Eagles DT Texas Moro Ojomo
7%
7 231 Las Vegas Raiders DT Arizona State Nesta Jade Silvera
7%
7 250 Kansas City Chiefs CB Ball State Nic Jones
7%
7 230 Buffalo Bills G Ole Miss Nick Broeker
7%
5 161 Los Angeles Rams LB Appalachian State Nick Hampton
7%
6 189 Los Angeles Rams LB Nebraska Ochaun Mathis
7%
5 154 Seattle Seahawks C Michigan Olusegun Oluwatimi
7%
5 168 Arizona Cardinals LB Auburn Owen Pappoe
7%
6 185 Jacksonville Jaguars WR Penn State Parker Washington
7%
5 171 Tampa Bay Buccaneers TE Purdue Payne Durham
7%
7 227 Jacksonville Jaguars DT North Carolina Raymond Vohasek
7%
5 173 San Francisco 49ers LB Georgia Robert Beal Jr.
7%
7 238 Miami Dolphins OT Michigan Ryan Hayes
7%
6 200 Los Angeles Chargers DT Boise State Scott Matlock
7%
7 251 Pittsburgh Steelers G Maryland Spencer Anderson
7%
6 188 Philadelphia Eagles QB Stanford Tanner McKee
7%
5 165 Chicago Bears CB Minnesota Terell Smith
7%
6 211 Indianapolis Colts LB Wagner Titus Leo
7%
7 218 Chicago Bears DT Kennesaw State Travis Bell
7%
6 182 Los Angeles Rams CB TCU Tre'Vius Hodges-Tomlinson
7%
5 174 Los Angeles Rams OT Georgia Warren McClendon
7%
5 162 Indianapolis Colts TE Miami (FL) Will Mallory
7%
6 215 Los Angeles Rams RB Ole Miss Zach Evans
7%
6 184 New York Jets LB Western Michigan Zaire Barnes
7%
No matching quizzes found
Score Distribution
Percent of People with Each Score
Percentile by Number Answered
Your Score History
You have not taken this quiz since the last reset